Smerovanie cudzojazyčnej edukácie na ekonomických univerzitách v komparatívnom kontexte

Jazyková politika Rady Európy a Spoločný európsky referenčný rámec pre jazyky. Výučba cudzích jazykov v komparatívnom kontexte. Prognóza cudzojazyčného vzdelávania z ohľadu lingvistov.

Salvato in:
Dettagli Bibliografici
Autore principale: Tóthová, Lucia, 1960-
Altri autori: Kokošková, Silvia
Natura: Capitolo di libro
Lingua:slovacco
Soggetti:
Tags: Aggiungi Tag
Nessun Tag, puoi essere il primo ad aggiungerne!!

MARC

LEADER 00000naa a2200000 4500
001 0181434
005 20240502073119.5
041 0 |a slo 
044 |a SK 
245 1 0 |a Smerovanie cudzojazyčnej edukácie na ekonomických univerzitách v komparatívnom kontexte  |c Lucia Tóthová, Silvia Kokošková 
520 |a Jazyková politika Rady Európy a Spoločný európsky referenčný rámec pre jazyky. Výučba cudzích jazykov v komparatívnom kontexte. Prognóza cudzojazyčného vzdelávania z ohľadu lingvistov. 
610 2 0 |a jazyky cudzie 
610 2 0 |a výučba vedecká 
610 2 0 |a Rada Európy 
610 2 0 |a jazykoveda 
610 2 0 |a analýza komparatívna 
100 1 |a Tóthová, Lucia, 1960- 
700 1 |a Kokošková, Silvia